Missing Word: Entertainment H Quiz Stats

Quiz Updated May 13, 2016

Challenge
Share
Tweet
Embed
Score 0/20 Timer 04:00
2 Plays Today
Hint Answer % Correct
AlbumHere
98.6%
BookHunchback
97.2%
MusicalHorror
97%
MovieHand
95.4%
AlbumHotel
93.9%
AlbumHow
91.8%
BookHallows
91.7%
BookHitchhiker's
91.4%
AlbumHers
86.2%
MovieHoliday
81.2%
Hint Answer % Correct
MovieHills
80.3%
MusicalHigh
80.1%
AlbumHate
76.2%
MovieHobbit
74.1%
BookHeart
71.1%
MusicalHalf
48.1%
MovieHerbie
47%
MusicalHappiest
47%
BookHarsh
25.2%
MusicalHunting
11.5%

Today's Daily Dose

You're not logged in!

Compare scores with friends on all Sporcle quizzes.
Sign Up with Email
OR
Log In

You Might Also Like...

Show Comments

Extras

Top Quizzes Today


Score Distribution

Your Account Isn't Verified!

In order to create a playlist on Sporcle, you need to verify the email address you used during registration. Go to your Sporcle Settings to finish the process.